Szczegóły MARC21

Związki banków komercyjnych z firmami ubezpieczeniowymi : praca doktorska /

005 -DATA I CZAS OSTATNIEJ MODYFIKACJI [,]
    • @
    • pole kontrolne
    • 20070315155141.9
020 -Międzynarod. znormalizowany nr książki - ISBN [ , ]
    • a
    • Numer ISBN
    • 8391583961 Find
040 -Instytucja sporządzająca opis [ , ]
    • a
    • Instytucja, która sporządziła opis (NP)
    • SZCZ U
    • c
    • Instytucja, która sporządziła rekord (NP)
    • SZCZ U
041 -Język dokumentu [0, ]
    • a
    • Język tekstu (P)
    • polski
    • h
    • Język tekstu oryginalnego i/lub pośredniego (P)
    • polski
942 -Rodzaj dokumentu [ , ]
    • c
    • Rodzaj dokumentu
    • Książka
100 -Hasło główne - nazwa osobowa [ , ]
    • a
    • Nazwa osobowa (NP)
    • ŚLIPERSKI, MAREK
245 -Strefa tytułu i oznaczenia odpowiedzialności [1, ]
    • a
    • Tytuł
    • Związki banków komercyjnych z firmami ubezpieczeniowymi : Find
    • b
    • Ciąg dalszy tytułu (NP)
    • praca doktorska / Find
    • c
    • Pozostałe elementy strefy tytułu i oznaczenia odpowiedzialności (NP)
    • Marek Śliperski ; promotor Wiesława Przybylska-Kapuścińska ; AkademiaEkonomiczna w Poznaniu. Wydział Ekonomii.
260 -Strefa adresu wydawniczego [ , ]
    • a
    • Miejsce wydania (P)
    • Warszawa :
    • b
    • Nazwa wydawcy (P)
    • Fund."Warta",
    • c
    • Data wydania (P)
    • 2002.
300 -Strefa opisu fizycznego [ , ]
    • a
    • Określenie formy książki i/lub objętość (NP)
    • 195 s. :
    • b
    • Oznaczenie ilustracji (NP)
    • il. :
    • c
    • Format (NP)
    • 23 cm.
490 -Strefa serii i książki wielotomowej - forma nie do wyszukiwania [0, ]
    • a
    • Tytuł (P)
    • (Biblioteka Fundacji "Warta") Find
500 -Uwaga ogólna [ , ]
    • a
    • Uwaga ogólna (NP)
    • Bibliogr.Summ
080 -Uniwersalna Klasyfikacja Dziesiętna [ , ]
    • a
    • Symbol klasyfikacji
    • 368.03
    • 9
    • UKD
    • 3800
    • 2
    • Identyfikator wydania tablic
    • UDC-P058
    • b
    • Dopowiedzenie
    • Firmy (towarzystwa) ubezpieczeniowe. Prywatne i państwowe firmy ubezpieczeniowe. PZU. Interwencja państwa w ubezpieczenia dobrowolne.
080 -Uniwersalna Klasyfikacja Dziesiętna [ , ]
    • a
    • Symbol klasyfikacji
    • :368.91
080 -Uniwersalna Klasyfikacja Dziesiętna [ , ]
    • a
    • Symbol klasyfikacji
    • :336.71
980 -Symbol UKD [ , ]
    • a
    • UKD
    • 368.03:368.91:336.71
700 -Hasło dodatkowe - nazwa osobowa [ , ]
    • a
    • Nazwa osobowa (NP)
    • Przybylska-Kapuścińska Wiesława Find
920 -ISBN [ , ]
    • a
    • ISBN
    • 83-915839-6-1 Find
Data inwentaryzacji Lokalizacja Sygnatura Numer inwentarzowy Status udost.
2004-01-09TT.7641T.7641-2
2004-01-09TTM.2000TM.2000-3
2013-12-04TTM.9693TM.9693-3